Fr. Conceicao Rodrigues College of Engineering

Design & analysis of computer algorithems. (Record no. 22065)

MARC details
000 -LEADER
fixed length control field 00348nam a2200145Ia 4500
082 ## - DEWEY DECIMAL CLASSIFICATION NUMBER
Classification number 5.1
Item number aho/hop/l
100 ## - MAIN ENTRY--PERSONAL NAME
Personal name Aho/ Hopcroft/Ullman
245 ## - TITLE STATEMENT
Title Design & analysis of computer algorithems.
260 ## - PUBLICATION, DISTRIBUTION, ETC.
Name of publisher, distributor, etc. ADDISON WESLEY
Place of publication, distribution, etc. Reading
Date of publication, distribution, etc. 1974
300 ## - PHYSICAL DESCRIPTION
Extent 470
546 ## - LANGUAGE NOTE
Language note ENGLISH
654 ## - SUBJECT ADDED ENTRY--FACETED TOPICAL TERMS
Focus term computer algorithems.
942 ## - ADDED ENTRY ELEMENTS (KOHA)
Koha item type BOOK
Holdings
Withdrawn status Lost status Damaged status Not for loan Collection Home library Current library Date acquired Total Checkouts Full call number Barcode Date last seen Price effective from Koha item type
        CRC Fr. Agnel's C.Rodrigues College of Engineering Fr. Agnel's C.Rodrigues College of Engineering 17/03/2023   5.1 aho/hop/l 11069 17/03/2023 17/03/2023 BOOK